000 00648nam a22002297a 4500
005 20170124110054.0
010 _a696305
020 _c00.00
035 _a696305
037 _bCen Lib/Ret
040 _aDPL
_bEN
082 _a655
_bBIN
100 _aBinns, Norman E.
_925989
245 _aAn introduction to historical bibliography /
_cby Norman E.Binns
250 _a2nd rev.enl.ed
260 _aLondon
_bAssociation of assistant librarians
_c1962
300 _a387p. :
_c21cm(Hb)
_bill.
500 _aIncludes index
650 _aPrinting -- History.
_925990
650 _aBooks.
_925991
942 _2ddc
_cEN
_h655
_mBIN
999 _c129310
_d129310